000 00211nam a2200109Ia 4500
100 _a#N/A
942 _cBK
654 _asix sigma
245 _aSix Sigma for the Small Shop
260 _b#N/A
546 _aENGLISH
999 _c21698
_d21698